000
00180 a2200097 4500
020
_a
9780822529842
041
_a
spa
100
_a
Sally M. Walker
245
_a
Trabajo
942
_c
BK
999
_c
15877
_d
15877